| 000 | 00584nam a2200205 a 4500 | ||
|---|---|---|---|
| 005 | 20140310183155.0 | ||
| 008 | 000525s19uu xx 00 eng d | ||
| 020 | _a9811010900 | ||
| 050 |
_aQA 76.76.O63 _b.M626 1991 |
||
| 245 |
_aMicrosoft MS-DOS version 5.0 : _buser's guide and references for the MS-DOS operating system / |
||
| 250 | _aCondensed ed. | ||
| 260 |
_aSingapore : _bTriGem, _c1991. |
||
| 300 |
_ax, 357 p. : _c23 cm. |
||
| 500 | _aIncludes index. | ||
| 521 | _aIT | ||
| 650 | _aMS-DOS | ||
| 650 | _aComputer programs | ||
| 942 |
_cBK _2lcc _kFOR |
||
| 999 |
_c19739 _d19739 |
||